[Event "WA Open Reserve"]
[Site "Redmond, WA"]
[Date "2010.05.31"]
[Round "5"]
[White "He, Samuel"]
[Black "Varner, Murlin"]
[Result "1-0"]
[WhiteElo "1600"]
[BlackElo "1532"]
[PlyCount "93"]
[EventDate "2010.05.31"]
[EventCountry "USA"]
[SourceDate "2010.05.29"]

1. d4 Nf6 2. c4 g6 3. Nc3 d6 4. e4 Bg7 5. Nf3 O-O 6. Be2 Nbd7 7. O-O b6 8. Be3
Bb7 9. Nd2 e6 10. d5 exd5 11. cxd5 Qc8 12. Rc1 Ba6 13. Bb5 Ne5 14. Qe2 Bb7 15.
f3 c5 16. dxc6 Nxc6 17. Nc4 Rd8 18. Rfd1 Ne8 19. Nd5 Qe6 20. Rd2 a6 21. Bxc6
Bxc6 22. Ncxb6 Bb5 23. Qd1 Rab8 24. a4 Bd7 25. a5 Bb5 26. Bf4 Be5 27. Be3 f5
28. exf5 gxf5 29. Bd4 Kf7 30. f4 Bxd4+ 31. Rxd4 Nf6 32. Nxf6 Qxf6 33. Rc7+ Kg8
34. Nd5 Qh8 35. Ne7+ Kf8 36. Nxf5 Rd7 37. Rxd7 Bxd7 38. Qh5 Rb5 39. Qh6+ Ke8
40. Nxd6+ Ke7 41. Nxb5 Bxb5 42. Qg5+ Kf7 43. Qf5+ Ke7 44. Re4+ Kd6 45. Qe6+ Kc7
46. Qe5+ Kb7 47. Qxh8 1-0

[Event "WA Open Reserve"]
[Site "Redmond, WA"]
[Date "2010.05.31"]
[Round "5"]
[White "Janko, Imre"]
[Black "Campbell, Tim"]
[Result "0-1"]
[WhiteElo "1447"]
[BlackElo "1545"]
[PlyCount "46"]
[EventDate "2010.05.31"]
[EventCountry "USA"]
[SourceDate "2010.05.29"]

1. e4 e5 2. Nf3 Nf6 3. Nxe5 d6 4. Nf3 Nxe4 5. d4 d5 6. Bd3 Bd6 7. O-O O-O 8.
Re1 Re8 9. c4 c6 10. Nbd2 Bf5 11. c5 Bc7 12. b4 Nxf2 13. Kxf2 Bxd3 14. Kg1 b6
15. Ne5 Bxe5 16. dxe5 Nd7 17. Nf3 Be4 18. cxb6 axb6 19. e6 Rxe6 20. Nd4 Rg6 21.
Re2 c5 22. bxc5 bxc5 23. Nc2 Bf3 0-1

[Event "WA Open Reserve"]
[Site "Redmond, WA"]
[Date "2010.05.31"]
[Round "5"]
[White "Mellott, Michael"]
[Black "Go, Jack"]
[Result "0-1"]
[WhiteElo "1185"]
[BlackElo "1150"]
[PlyCount "96"]
[EventDate "2010.05.31"]
[EventCountry "USA"]
[SourceDate "2010.05.29"]

1. Nf3 b6 2. c4 Nf6 3. Nc3 Bb7 4. g3 g6 5. Bg2 Bg7 6. d4 O-O 7. O-O e6 8. e4 c5
9. d5 exd5 10. cxd5 Re8 11. Re1 Ng4 12. h3 Ne5 13. Nxe5 Bxe5 14. Qg4 h5 15. Qf3
d6 16. Bf4 Qf6 17. Bxe5 Qxe5 18. Rad1 Ba6 19. h4 Nd7 20. Bh3 Nf6 21. Qf4 Qxf4
22. gxf4 Re7 23. Re3 Rae8 24. Rde1 Ng4 25. Bxg4 hxg4 26. Kg2 f6 27. Kg3 f5 28.
e5 Kf7 29. e6+ Kf6 30. f3 gxf3 31. Kxf3 b5 32. a3 Rh8 33. Rh1 b4 34. Ne4+ fxe4+
35. Rxe4 Bb7 36. Rd1 Rxh4 37. f5 Rxe4 38. Kxe4 gxf5+ 39. Kf4 a5 40. axb4 axb4
41. b3 Ba6 42. Rc1 Rh7 43. Re1 c4 44. Ra1 cxb3 45. Rxa6 b2 46. Rxd6 b1=Q 47.
e7+ Kxe7 48. Re6+ Kd7 0-1

[Event "WA Open Reserve"]
[Site "Redmond, WA"]
[Date "2010.05.31"]
[Round "5"]
[White "Nill, Matthew"]
[Black "Yee, Nathaniel"]
[Result "1-0"]
[WhiteElo "1625"]
[BlackElo "1402"]
[PlyCount "53"]
[EventDate "2010.05.31"]
[EventCountry "USA"]
[SourceDate "2010.05.29"]

1. e4 e5 2. f4 exf4 3. Nf3 Nf6 4. Nc3 Nc6 5. d4 Bb4 6. Bd3 Nh5 7. O-O d6 8. Ne2
Qf6 9. c3 Ba5 10. Bb5 O-O 11. Bxc6 bxc6 12. Qa4 Bb6 13. Qxc6 Rb8 14. Qd5 g6 15.
Qg5 Re8 16. Nxf4 Qxg5 17. Nxg5 Re5 18. Nxh5 gxh5 19. Nxf7 Rxe4 20. Bh6 Ba6 21.
Ng5 Re7 22. Rfe1 Rxe1+ 23. Rxe1 c5 24. Re7 Bc4 25. b3 Bd5 26. c4 Bd8 27. Re8#
1-0

[Event "WA Open Reserve"]
[Site "Redmond, WA"]
[Date "2010.05.31"]
[Round "5"]
[White "Sankrithi, Siva"]
[Black "Presley, Jason"]
[Result "1/2-1/2"]
[WhiteElo "1303"]
[BlackElo "1181"]
[PlyCount "50"]
[EventDate "2010.05.31"]
[EventCountry "USA"]
[SourceDate "2010.05.29"]

1. e4 c5 2. Nf3 Nc6 3. Bb5 e6 4. Bxc6 dxc6 5. Nc3 Nf6 6. d3 Qc7 7. Qd2 Bd6 8.
h3 e5 9. Qe3 Be6 10. Ng5 Qd7 11. Bd2 O-O-O 12. Na4 b6 13. Qe2 h6 14. Nxe6 Qxe6
15. O-O Nd7 16. a3 Rhe8 17. b4 f5 18. bxc5 Nxc5 19. Nxc5 Bxc5 20. Bb4 Bd6 21.
Rfb1 c5 22. Bd2 f4 23. d4 exd4 24. Qa6+ Kb8 25. Re1 Qc8 1/2-1/2

[Event "WA Open Reserve"]
[Site "Redmond, WA"]
[Date "2010.05.31"]
[Round "6"]
[White "Arond, Paul"]
[Black "Grabar, Anatoly"]
[Result "1/2-1/2"]
[WhiteElo "1689"]
[BlackElo "1590"]
[PlyCount "104"]
[EventDate "2010.05.31"]
[EventCountry "USA"]
[SourceDate "2010.05.29"]

1. d4 Nf6 2. Nf3 c5 3. d5 e6 4. c4 b5 5. dxe6 fxe6 6. cxb5 d5 7. e3 Bd6 8. Be2
c4 9. Nc3 O-O 10. O-O Bb7 11. b3 cxb3 12. Qxb3 Nbd7 13. a4 Nc5 14. Qb1 h6 15.
Nd4 Qe7 16. Ba3 Rac8 17. Rc1 Nfe4 18. Nxe4 Nxe4 19. Rxc8 Rxc8 20. Bxd6 Qxd6 21.
Bg4 Re8 22. f3 Nd2 23. Qg6 Rf8 24. Bxe6+ Kh8 25. Nf5 Qe5 26. Rd1 Nc4 27. Nxh6
Qxe3+ 28. Kh1 Qxh6 29. Qxh6+ gxh6 30. Kg1 Nb2 31. Rd4 Re8 32. Bd7 Re7 33. Bc6
Bxc6 34. bxc6 Rc7 35. Rb4 Rxc6 36. Rxb2 Rc7 37. Kf2 Kg7 38. Ke3 Kf6 39. Kd3 Rc4
40. a5 Rc5 41. Rc2 Rxa5 42. Rc6+ Kg7 43. Rd6 Ra2 44. Rxd5 Rxg2 45. Rd7+ Kf6 46.
Rxa7 Rxh2 47. Ke4 Rh5 48. f4 Rb5 49. Ra6+ Kg7 50. f5 Rb1 51. Rg6+ Kf7 52. Rxh6
Re1+ 1/2-1/2

[Event "WA Open Reserve"]
[Site "Redmond, WA"]
[Date "2010.05.31"]
[Round "6"]
[White "Birnbach, Zamir"]
[Black "Sankrithi, Siva"]
[Result "1-0"]
[WhiteElo "1210"]
[BlackElo "1303"]
[PlyCount "63"]
[EventDate "2010.05.31"]
[EventCountry "USA"]
[SourceDate "2010.05.29"]

1. e4 e5 2. Nf3 Nc6 3. Bc4 Bc5 4. b4 Bxb4 5. c3 Be7 6. d4 d6 7. O-O Nf6 8. Ng5
O-O 9. h3 h6 10. Nf3 exd4 11. cxd4 Nxe4 12. Re1 Nf6 13. d5 Nb8 14. Nc3 c6 15.
Bb2 cxd5 16. Bxd5 Nc6 17. Ba3 Nxd5 18. Nxd5 Re8 19. Nxe7+ Rxe7 20. Rxe7 Nxe7
21. Bxd6 Nf5 22. Bb4 Qxd1+ 23. Rxd1 g6 24. Rd8+ Kh7 25. Bc3 Ng7 26. Rf8 f5 27.
Rf7 h5 28. Rxg7+ Kh6 29. Rg8 g5 30. Nxg5 b6 31. Nf7+ Kh7 32. Rg7# 1-0

[Event "WA Open Reserve"]
[Site "Redmond, WA"]
[Date "2010.05.31"]
[Round "6"]
[White "Campbell, Tim"]
[Black "Yee, Nathaniel"]
[Result "1-0"]
[WhiteElo "1545"]
[BlackElo "1402"]
[PlyCount "113"]
[EventDate "2010.05.31"]
[EventCountry "USA"]
[SourceDate "2010.05.29"]

1. e4 e5 2. Nf3 Nc6 3. d4 exd4 4. Nxd4 Qh4 5. Nc3 Bb4 6. Qd3 Nf6 7. Nxc6 bxc6
8. e5 Nd5 9. Bd2 O-O 10. Nxd5 cxd5 11. Qxd5 Bxd2+ 12. Qxd2 Qe4+ 13. Qe2 Qd5 14.
Qb5 Qxb5 15. Bxb5 Rb8 16. Ba4 Re8 17. O-O-O Rxe5 18. Bxd7 Bb7 19. f3 Re2 20.
Bh3 h6 21. Rd7 c6 22. Rhd1 Ree8 23. Rc7 Bc8 24. Bd7 Bxd7 25. Rdxd7 Rf8 26. Rxa7
Rbe8 27. Re7 Rd8 28. a4 g6 29. a5 Kg7 30. a6 Kf6 31. Rec7 Rd6 32. Rab7 c5 33.
a7 Ra6 34. Rxc5 Rd8 35. b4 g5 36. b5 Ra5 37. Rc6+ Kg7 38. b6 Ra6 39. Rbc7 Ra8
40. c4 h5 41. c5 h4 42. Rc8 R8xa7 43. bxa7 Rxa7 44. Rb6 Ra2 45. Rb2 Ra1+ 46.
Rb1 Ra2 47. c6 Rxg2 48. Rb2 Rg1+ 49. Kc2 Rg2+ 50. Kb1 Rg1+ 51. Ka2 h3 52. Rd8
Rf1 53. Rd6 f6 54. Rd7+ Kg6 55. c7 f5 56. Rb6+ Kh5 57. Rh7# 1-0

[Event "WA Open Reserve"]
[Site "Redmond, WA"]
[Date "2010.05.31"]
[Round "6"]
[White "Go, Jack"]
[Black "Janko, Imre"]
[Result "1-0"]
[WhiteElo "1150"]
[BlackElo "1447"]
[PlyCount "92"]
[EventDate "2010.05.31"]
[EventCountry "USA"]
[SourceDate "2010.05.29"]

1. d4 Nf6 2. c4 g6 3. Nc3 Bg7 4. Nf3 d6 5. Bg5 h6 6. Bf4 O-O 7. e4 c5 8. e5
dxe5 9. dxe5 Qxd1+ 10. Rxd1 Ne8 11. Be2 Nc6 12. O-O Nc7 13. Nd5 Ne6 14. Be3 b6
15. a3 Re8 16. b4 cxb4 17. axb4 Nxe5 18. Nxe5 Bxe5 19. Bxh6 Bb7 20. Bf3 Rab8
21. Be3 Ba6 22. Be2 Rbc8 23. b5 Bb7 24. Nb4 Nf4 25. Bxf4 Bxf4 26. Rd7 Rc7 27.
Rfd1 Rxd7 28. Rxd7 Rb8 29. Na6 Bxa6 30. bxa6 e6 31. g3 Be5 32. f4 Bf6 33. Kg2
Rd8 34. Rxa7 Bd4 35. Bf3 b5 36. Rc7 b4 37. Rb7 b3 38. a7 Bxa7 39. Rxa7 Rd2+ 40.
Kh3 b2 41. Rb7 Rc2 42. Rb4 Rxc4 43. Rxb2 Rc3 44. Kg4 Kg7 45. Bd1 Re3 46. Kg5 e5
1-0

[Event "WA Open Reserve"]
[Site "Redmond, WA"]
[Date "2010.05.31"]
[Round "6"]
[White "Hendricks, David"]
[Black "Varner, Murlin"]
[Result "1/2-1/2"]
[WhiteElo "1547"]
[BlackElo "1532"]
[PlyCount "66"]
[EventDate "2010.05.31"]
[EventCountry "USA"]
[SourceDate "2010.05.29"]

1. d4 d5 2. Bf4 Nf6 3. Nf3 e6 4. e3 Be7 5. h3 O-O 6. Bd3 Nbd7 7. Nbd2 b6 8. O-O
h6 9. Re1 c5 10. c3 c4 11. Bc2 Nh5 12. Bh2 g6 13. e4 Ndf6 14. e5 Nh7 15. g4 Ng7
16. Bg3 Ng5 17. h4 Nxf3+ 18. Nxf3 Bd7 19. Qd2 g5 20. h5 f5 21. exf6 Bxf6 22.
Ne5 Bxe5 23. Bxe5 Ne8 24. Bg6 Nf6 25. Bd6 Nxg4 26. Bxf8 Qxf8 27. Re2 Qf3 28.
Rf1 Rf8 29. Qc2 Qh3 30. f4 Qg3+ 31. Rg2 Qe3+ 32. Kh1 Qh3+ 33. Kg1 Qe3+ 1/2-1/2

[Event "WA Open Reserve"]
[Site "Redmond, WA"]
[Date "2010.05.31"]
[Round "6"]
[White "Lampman, Becca"]
[Black "Chase, Stephen L"]
[Result "1-0"]
[WhiteElo "1425"]
[BlackElo "1592"]
[PlyCount "77"]
[EventDate "2010.05.31"]
[EventCountry "USA"]
[SourceDate "2010.05.29"]

1. d4 Nf6 2. c4 e6 3. a3 c5 4. e3 d5 5. Nc3 Nc6 6. Nf3 cxd4 7. exd4 dxc4 8.
Bxc4 Bd6 9. O-O O-O 10. d5 exd5 11. Nxd5 Nxd5 12. Bxd5 Qc7 13. Be3 Ne5 14. h3
Bd7 15. Nxe5 Bxe5 16. Qf3 Bc6 17. Rab1 Bxd5 18. Qxd5 Rfd8 19. Qf3 b6 20. Rfc1
Qe7 21. Bf4 Bxf4 22. Qxf4 Rac8 23. Re1 Qb7 24. Re2 h6 25. Rbe1 Rf8 26. Re7 Qa6
27. Rd1 Qc4 28. Qxc4 Rxc4 29. Rxa7 Rfc8 30. Rdd7 Rf4 31. Rac7 Rxc7 32. Rxc7 Kf8
33. Rc6 Rf6 34. Rxf6 gxf6 35. Kf1 Ke7 36. Ke2 Kd6 37. b3 Kd5 38. Kd3 f5 39. a4
1-0

[Event "WA Open Reserve"]
[Site "Redmond, WA"]
[Date "2010.05.31"]
[Round "6"]
[White "Ma, Kevin"]
[Black "Baker, Ted"]
[Result "1/2-1/2"]
[WhiteElo "1382"]
[BlackElo "1418"]
[PlyCount "62"]
[EventDate "2010.05.31"]
[EventCountry "USA"]
[SourceDate "2010.05.29"]

1. e4 c5 2. Nf3 d6 3. d4 cxd4 4. Nxd4 Nf6 5. Nc3 a6 6. Be3 e6 7. f3 Be7 8. Be2
O-O 9. Qd2 b5 10. a3 Bb7 11. O-O Nc6 12. Rad1 Ne5 13. Qe1 Nc4 14. Bxc4 bxc4 15.
Qg3 Kh8 16. Nce2 Qb8 17. Rfe1 d5 18. Bf4 Qe8 19. e5 Nh5 20. Qg4 Nxf4 21. Nxf4
g6 22. Qh3 Bc8 23. Qh6 Rg8 24. Nh3 Bd7 25. Ng5 Rg7 26. Kh1 Qd8 27. f4 Bxg5 28.
Qxg5 Qxg5 29. fxg5 Rb8 30. Rb1 Rgg8 31. Re3 Rgc8 1/2-1/2

[Event "WA Open Reserve"]
[Site "Redmond, WA"]
[Date "2010.05.31"]
[Round "6"]
[White "Nicoski, Aaron"]
[Black "Grabar, Svetlana"]
[Result "1-0"]
[WhiteElo "1600"]
[BlackElo "1406"]
[PlyCount "59"]
[EventDate "2010.05.31"]
[EventCountry "USA"]
[SourceDate "2010.05.29"]

1. d4 Nf6 2. Bf4 Nc6 3. e3 d5 4. Nf3 Bf5 5. c4 e6 6. c5 a6 7. b4 Nxb4 8. Qa4+
Nc6 9. Ne5 Rb8 10. Nxc6 bxc6 11. Qxc6+ Qd7 12. Qxd7+ Kxd7 13. Nd2 a5 14. Nf3
Nh5 15. Ne5+ Ke8 16. g4 Nxf4 17. gxf5 Nh5 18. fxe6 fxe6 19. Bh3 g6 20. Bxe6 Nf6
21. Bf7+ Ke7 22. Bxg6 Rb2 23. Bf7 Bh6 24. O-O Rf8 25. Rfb1 Rxb1+ 26. Rxb1 Rxf7
27. Nxf7 Kxf7 28. Rb7 Ne8 29. Ra7 Ke6 30. Ra6+ 1-0

[Event "WA Open Reserve"]
[Site "Redmond, WA"]
[Date "2010.05.31"]
[Round "6"]
[White "Nill, Matthew"]
[Black "Jensen, Jacob"]
[Result "1/2-1/2"]
[WhiteElo "1625"]
[BlackElo "1396"]
[PlyCount "141"]
[EventDate "2010.05.31"]
[EventCountry "USA"]
[SourceDate "2010.05.29"]

1. e4 c5 2. Nc3 d6 3. f4 Nc6 4. Bb5 Bd7 5. Bxc6 Bxc6 6. d3 g6 7. Nf3 Bg7 8. O-O
Nf6 9. Qe1 Qc7 10. Ne2 b5 11. Nh4 a6 12. Ng3 Qa7 13. Kh1 Qd7 14. e5 Ng4 15.
exd6 Qxd6 16. Ne4 Bxe4 17. Qxe4 O-O 18. h3 Nf6 19. Qe2 Nh5 20. Qf3 Qe6 21. g4
Nf6 22. f5 Qd7 23. Rb1 Nd5 24. Bd2 Rab8 25. Bf4 Nxf4 26. Qxf4 Qd5+ 27. Qe4 Rbd8
28. Qxd5 Rxd5 29. fxg6 fxg6 30. Rxf8+ Kxf8 31. Nf3 Rd6 32. Kg2 Re6 33. Kf2 Bd4+
34. Nxd4 cxd4 35. Re1 Kf7 36. Rxe6 Kxe6 37. c4 bxc4 38. dxc4 a5 39. Ke2 Kd6 40.
Kd3 Kc5 41. b3 g5 42. a3 e5 43. a4 Kb4 44. Ke4 Kc3 45. c5 d3 46. c6 d2 47. c7
d1=Q 48. c8=Q+ Kxb3 49. Qe6+ Ka3 50. Qe7+ Kxa4 51. Qe8+ Ka3 52. Qe7+ Ka2 53.
Qe6+ Qb3 54. Qxe5 Qc4+ 55. Kf3 Qf4+ (55... Qf1+ 56. Ke4 Qe2+ 57. Kd4 Qxe5+ 58.
Kxe5 a4 {-+}) 56. Qxf4 gxf4 57. h4 Kb1 58. g5 a4 59. h5 a3 60. g6 hxg6 61. hxg6
a2 62. g7 a1=Q 63. g8=Q Qe5 64. Qb3+ Kc1 65. Qc4+ Kd2 66. Qa2+ Kd3 67. Qb1+ Kc4
68. Qc2+ Kd5 69. Qd2+ Ke6 70. Qxf4 Qxf4+ 71. Kxf4 1/2-1/2

[Event "WA Open Reserve"]
[Site "Redmond, WA"]
[Date "2010.05.31"]
[Round "6"]
[White "Piper, August"]
[Black "Buchignani, Paul"]
[Result "1/2-1/2"]
[WhiteElo "1558"]
[BlackElo "1444"]
[PlyCount "147"]
[EventDate "2010.05.31"]
[EventCountry "USA"]
[SourceDate "2010.05.29"]

1. g3 e5 2. Bg2 d5 3. d3 Nf6 4. Nd2 Nc6 5. c4 Be6 6. b3 a6 7. Bb2 d4 8. Ngf3
Bc5 9. O-O O-O 10. a3 a5 11. Ng5 Bf5 12. Nge4 Ba7 13. Rc1 Nxe4 14. Nxe4 Qd7 15.
Qd2 Qe6 16. Ng5 Qh6 17. h4 Bc5 18. Rcd1 Nd8 19. Bc1 c6 20. Qe1 Qd6 21. Ne4 Bxe4
22. dxe4 Bxa3 23. e3 Bxc1 24. Rxc1 Ne6 25. f4 d3 26. Qc3 f6 27. Rfd1 Nc5 28. b4
axb4 29. Qxb4 Ra2 30. Rd2 Rxd2 31. Qxd2 Nb3 32. c5 Nxd2 33. cxd6 Nb3 34. Rd1 d2
35. Bh3 Kh8 36. Be6 Nc5 37. Bh3 Nxe4 38. Bg2 Nxd6 39. Rxd2 Nf5 40. Kf2 Nh6 41.
Rd7 Rb8 42. Bh3 e4 43. g4 g6 44. g5 fxg5 45. hxg5 Nf5 46. Bg2 c5 47. Bxe4 b5
48. Bc2 c4 49. e4 Ng7 50. f5 gxf5 51. exf5 b4 52. Rc7 c3 53. Bb1 Ne8 54. Ra7 b3
55. Bd3 b2 56. f6 Nd6 57. Rxh7+ Kg8 58. Rh1 Rc8 59. Bc2 Kf7 60. Rh7+ Ke6 61.
Re7+ Kd5 62. Re1 Kc4 63. g6 Rf8 64. f7 Nxf7 65. gxf7 Rxf7+ 66. Kg3 Rg7+ 67. Kf2
Rf7+ 68. Kg3 Rg7+ 69. Kf2 Rd7 70. Re2 Rd2 71. Rxd2 cxd2 72. Ke2 Kc3 73. Kd1
b1=Q+ 74. Bxb1 1/2-1/2

[Event "WA Open Reserve"]
[Site "Redmond, WA"]
[Date "2010.05.31"]
[Round "6"]
[White "Smith, Catherine"]
[Black "May, Sarah"]
[Result "0-1"]
[WhiteElo "1494"]
[BlackElo "1631"]
[PlyCount "60"]
[EventDate "2010.05.31"]
[EventCountry "USA"]
[SourceDate "2010.05.29"]

1. e4 e5 2. Nf3 Nc6 3. Bc4 d6 4. Nc3 Be7 5. h3 Na5 6. Bb3 Nxb3 7. axb3 Nf6 8.
d3 h6 9. Be3 b6 10. Nb5 a6 11. Nc3 Bb7 12. O-O O-O 13. Nh2 d5 14. exd5 Nxd5 15.
Re1 Nxe3 16. fxe3 c5 17. e4 Qc7 18. Rf1 Kh7 19. Qg4 Bd6 20. Nf3 g6 21. Rae1 Rg8
22. Rf2 Raf8 23. Ref1 c4 24. Kh2 cxb3 25. cxb3 Bc5 26. Rd2 Qe7 27. Na4 Rc8 28.
Rc1 f6 29. Nc3 b5 30. Qg3 Rgd8 {remaining moves unclear - and it was unclear
where the rooks were in this position.} 0-1

[Event "WA Open Booster"]
[Site "Redmond, WA"]
[Date "2010.05.29"]
[Round "1"]
[White "Brow, John"]
[Black "Johnson, Christopher"]
[Result "1-0"]
[WhiteElo "1395"]
[BlackElo "1015"]
[PlyCount "83"]
[EventDate "2010.05.31"]
[EventCountry "USA"]
[SourceDate "2010.05.29"]

1. d4 d5 2. c4 e6 3. Nc3 Be7 4. Nf3 Nc6 5. Bf4 a6 6. e3 Nf6 7. Bd3 Nh5 8. O-O
Nxf4 9. exf4 O-O 10. Rc1 Bf6 11. Ne2 Nb4 12. Bb1 Be7 13. a3 Nc6 14. Qc2 f5 15.
Rfd1 Qe8 16. cxd5 exd5 17. Ne5 Rf6 18. Qb3 Rd6 19. Qf3 Be6 20. Qh3 Qf8 21. g4
Bc8 22. g5 g6 23. Nxc6 bxc6 24. Rc3 Re6 25. Qf3 Bd7 26. Re3 Rd6 27. Nc3 Rb8 28.
Qe2 Re8 29. Qxa6 c5 30. Qe2 c4 31. Re1 Kf7 32. Bc2 Bc6 33. Ba4 Bxa4 34. Nxa4
Rdd8 35. Re6 Rd6 36. Nc5 Rdd8 37. Qe5 Rd6 38. Rxd6 cxd6 39. Qxd5+ Kg7 40. Ne6+
Kh8 41. Nxf8 Rxf8 42. Rxe7 1-0

[Event "WA Open Booster"]
[Site "Redmond, WA"]
[Date "2010.05.29"]
[Round "1"]
[White "Smolak, Frederick"]
[Black "Mendoza, Fidel"]
[Result "0-1"]
[WhiteElo "682"]
[BlackElo "1368"]
[PlyCount "50"]
[EventDate "2010.05.31"]
[EventCountry "USA"]
[SourceDate "2010.05.29"]

1. d4 d5 2. c4 c6 3. e3 f5 4. Nc3 e6 5. Nf3 Nf6 6. Bd3 Ne4 7. cxd5 exd5 8. Bxe4
fxe4 9. Ne5 Qf6 10. O-O Bd6 11. Ng4 Qg5 12. h3 h5 13. Nh2 Bxh3 14. g3 Bxg3 15.
Kh1 Bxh2 16. Rg1 Qh4 17. Qe1 Bg4 18. Rg2 Bf3 19. Qf1 Rh6 20. Ne2 Rg6 21. Ng1
Bg3+ 22. Nh3 Qxh3+ 23. Kg1 Bh2+ 24. Kh1 Bxg2+ 25. Qxg2 Qxg2# 0-1

[Event "WA Open Booster"]
[Site "Redmond, WA"]
[Date "2010.05.29"]
[Round "1"]
[White "Soetedjo, James"]
[Black "Zhao, Michael"]
[Result "0-1"]
[WhiteElo "1072"]
[BlackElo "1300"]
[PlyCount "120"]
[EventDate "2010.05.31"]
[EventCountry "USA"]
[SourceDate "2010.05.29"]

1. d4 Nf6 2. Nc3 d5 3. Nf3 Bg4 4. Ne5 e6 5. Bg5 Bf5 6. e3 c5 7. Bb5+ Ke7 8.
dxc5 Qc7 9. Qd4 h6 10. Bh4 Nc6 11. Bxc6 bxc6 12. Bg3 Qb7 13. O-O Bxc2 14. b3
Bf5 15. Qa4 Rc8 16. Rad1 Nh5 17. e4 Nxg3 18. fxg3 f6 19. exf5 fxe5 20. fxe6
Kxe6 21. Qg4+ Ke7 22. Qg6 Kd8 23. Rf7 Bxc5+ 24. Kh1 Rc7 25. Rdf1 Rg8 26. Rxc7
Qxc7 27. Rf7 Rf8 28. Rxf8+ Bxf8 29. Qf5 Qe7 30. Qd3 e4 31. Qe2 Qc5 32. Qf1 Be7
33. Na4 Qc2 34. h3 e3 35. Qe1 Qd2 36. Qxd2 exd2 37. Nc3 d4 38. Nd1 Kd7 39. Kg1
Kd6 40. Kf1 d3 41. h4 Kd5 42. Kf2 Ke4 43. a4 c5 44. a5 a6 45. Nc3+ Kd4 46. Nd1
c4 47. bxc4 Kxc4 48. Ke3 Bb4 49. g4 Bxa5 50. Ke4 Bc3 51. Ne3+ Kb3 52. Kxd3 a5
53. Nd1 Bb4 54. Ke2 a4 55. Ne3 a3 56. Nd5 a2 57. Nxb4 Kxb4 58. Kxd2 a1=Q 59.
Ke3 Qc3+ 60. Kf4 Qd2+ {remaining moves not available} 0-1

[Event "WA Open Booster"]
[Site "Redmond, WA"]
[Date "2010.05.30"]
[Round "1"]
[White "Yeo, Joey"]
[Black "Davis, Frederick A"]
[Result "0-1"]
[WhiteElo "1143"]
[BlackElo "1348"]
[PlyCount "98"]
[EventDate "2010.05.31"]
[EventCountry "USA"]
[SourceDate "2010.05.29"]

1. e4 c5 2. Nf3 Nc6 3. d4 cxd4 4. Nxd4 g6 5. Nc3 Bg7 6. Be3 Nf6 7. Bc4 Qa5 8.
O-O O-O 9. Qd2 $2 Ng4 10. Bf4 Bxd4 11. h3 Nxf2 12. Rxf2 Qc5 13. Raf1 Bxf2+ 14.
Rxf2 Qxc4 15. Bh6 Rd8 16. Qf4 d6 17. Nd5 f5 18. Qg5 Qxe4 19. Nc3 Qe1+ 20. Rf1
Qe5 21. Rf2 d5 22. Re2 Qf6 23. Qd2 Qf7 24. Qg5 Bd7 25. b4 e6 26. Nb5 Qe7 27.
Qf4 e5 28. Qf3 Nxb4 29. Nc7 Rac8 30. Nxd5 Nxd5 31. Qxd5+ Be6 32. Qxe5 Qc5+ 33.
Kh2 Qxe5+ 34. Rxe5 Bxa2 35. Re7 Bd5 36. Rg7+ Kh8 37. Re7 Rxc2 38. Bg7+ Kg8 39.
h4 Rxg2+ 40. Kh3 a5 41. Be5 Re2 42. Rg7+ Kf8 43. Bf6 Rd6 44. Bd4 Bg2+ 45. Kg3
Rxd4 46. Rxh7 Rg4+ 47. Kh2 Bf3+ 48. Kh3 Re1 49. Kh2 Rh1# 0-1

[Event "WA Open Booster"]
[Site "Redmond, WA"]
[Date "2010.05.29"]
[Round "2"]
[White "Cummings, Cameron"]
[Black "Soetedjo, James"]
[Result "1/2-1/2"]
[WhiteElo "1159"]
[BlackElo "1072"]
[PlyCount "36"]
[EventDate "2010.05.31"]
[EventCountry "USA"]
[SourceDate "2010.05.29"]

1. e4 e5 2. f4 exf4 3. Nf3 Nc6 4. d4 d6 5. Bxf4 Bg4 6. Nc3 Nf6 7. Bb5 a6 8. Ba4
b5 9. Bb3 b4 10. Ba4 Bd7 11. Nd5 Nxd5 12. exd5 Qe7+ 13. Qe2 Qxe2+ 14. Kxe2
Nxd4+ 15. Nxd4 Bxa4 16. b3 Bd7 17. Rhe1 Be7 18. Kd1 Bg4+ {missing moves}
1/2-1/2

[Event "WA Open Booster"]
[Site "Redmond, WA"]
[Date "2010.05.30"]
[Round "2"]
[White "Davis, Frederick A"]
[Black "Brusniak, Benjamin"]
[Result "1-0"]
[WhiteElo "1348"]
[BlackElo "1206"]
[PlyCount "111"]
[EventDate "2010.05.31"]
[EventCountry "USA"]
[SourceDate "2010.05.29"]

1. e4 e5 2. Nf3 Nc6 3. Bc4 Bc5 4. O-O Nf6 5. d4 exd4 6. e5 d5 7. exf6 dxc4 8.
fxg7 Rg8 9. Bh6 Qf6 10. Re1+ Be7 11. Qd2 Bg4 12. Bg5 Qg6 13. Ne5 Nxe5 14. Rxe5
f6 15. Qb4 Rxg7 16. Qxb7 Rd8 17. Qc6+ Bd7 18. Qxf6 Qxf6 19. Bxf6 Rf7 20. Bxe7
Rxe7 21. Rxe7+ Kxe7 22. Na3 Be6 23. Re1 Kf7 24. Rd1 d3 25. cxd3 cxd3 26. b3 a6
27. f3 Bf5 28. Kf2 Re8 29. g4 Bg6 30. Nc4 Re2+ 31. Kg1 Rxa2 32. Ne5+ Kf6 33.
Nxg6 hxg6 34. Rxd3 Ra1+ 35. Kg2 Ra2+ 36. Kg3 g5 37. Rc3 Rb2 38. Rxc7 Rxb3 39.
Rc6+ Kg7 40. Rxa6 Kf7 41. Ra5 Kg6 42. Rf5 Rb2 43. h4 gxh4+ 44. Kxh4 Rh2+ 45.
Kg3 Rh8 46. Kf4 Re8 47. Re5 Rf8+ 48. Rf5 Re8 49. g5 Rg8 50. Kg4 Kh7 51. Kh5 Kh8
52. g6 Ra8 53. Kh6 Rg8 54. Rf7 Rg7 55. Rf8+ Rg8 56. g7# 1-0

[Event "WA Open Booster"]
[Site "Redmond, WA"]
[Date "2010.05.29"]
[Round "2"]
[White "Mendoza, Fidel"]
[Black "Dhingra, Sangeeta"]
[Result "1/2-1/2"]
[WhiteElo "1368"]
[BlackElo "1000"]
[PlyCount "64"]
[EventDate "2010.05.31"]
[EventCountry "USA"]
[SourceDate "2010.05.29"]

1. e4 e5 2. f4 Bc5 3. Nf3 d6 4. Bc4 Nf6 5. c3 Nc6 6. d4 exd4 7. cxd4 Bb4+ 8.
Bd2 Bxd2+ 9. Nbxd2 Bg4 10. Qb3 O-O 11. Bd3 Rb8 12. O-O Bd7 13. e5 dxe5 14. dxe5
Be6 15. Bc4 Bxc4 16. Qxc4 Nd5 17. Qe4 Re8 18. Rad1 Nf6 19. Qb1 Nd7 20. Ng5 g6
21. Nde4 Kg7 22. Nf6 Re7 23. Ngxh7 Qc8 24. Qd3 Nc5 25. Qb1 Qe6 26. Ng5 Qc4 27.
Rc1 Qd4+ 28. Kh1 Nd3 29. Nf3 Nf2+ 30. Kg1 Nh3+ 31. Kh1 Nf2+ ({if} 31... Qg1+ {?
} 32. Nxg1) 32. Kg1 Nh3+ 1/2-1/2

[Event "WA Open Booster"]
[Site "Redmond, WA"]
[Date "2010.05.29"]
[Round "2"]
[White "Richards, Jerrold"]
[Black "Sarathy, Manoj"]
[Result "1-0"]
[WhiteElo "1183"]
[BlackElo "900"]
[PlyCount "103"]
[EventDate "2010.05.31"]
[EventCountry "USA"]
[SourceDate "2010.05.29"]

1. c4 d6 2. g3 Nf6 3. Bg2 g6 4. Nf3 Bg7 5. Nc3 O-O 6. O-O c6 7. Qc2 Bg4 8. d3
Nbd7 9. e4 Rc8 10. Be3 a5 11. Qb3 b6 12. d4 c5 13. dxc5 Nxc5 14. Qc2 Qd7 15.
Rad1 Bh3 16. e5 Bxg2 17. Kxg2 Ng4 18. Bf4 Qe6 19. exd6 Qxc4 20. dxe7 Rfe8 21.
Nd2 Qa6 22. Nd5 Qb7 23. Nc4 b5 24. Nd6 Ne6 25. Qxc8 Rxc8 26. Nxb7 Nxf4+ 27.
gxf4 a4 28. Rc1 Re8 29. Nd6 Rb8 30. Rc8+ Rxc8 31. Nxc8 Bxb2 32. e8=Q+ Kg7 33.
Qxb5 Bd4 34. Qxa4 Bb2 35. h3 Nh6 36. Nce7 Kf8 37. Qa8+ Kg7 38. Kf3 Bd4 39. Rg1
Bb2 40. Rg5 Bd4 41. f5 Bb2 42. f6+ Bxf6 43. Nxf6 Kxf6 44. Qd5 Kxe7 45. h4 f6
46. Qb7+ Ke6 47. Qc6+ Kf7 48. Qd7+ Kg8 49. Rc5 Nf7 50. Rc7 Kg7 51. Qxf7+ Kh6
52. Qxh7# 1-0

[Event "WA Open Booster"]
[Site "Redmond, WA"]
[Date "2010.05.29"]
[Round "2"]
[White "Vegaraju, Sukeerth"]
[Black "Weller, Steven"]
[Result "0-1"]
[WhiteElo "952"]
[BlackElo "1198"]
[PlyCount "33"]
[EventDate "2010.05.31"]
[EventCountry "USA"]
[SourceDate "2010.05.29"]

1. e4 e5 2. Nf3 Nf6 3. Nc3 Nc6 4. Bc4 Be7 5. O-O d6 6. d3 h6 7. Nd5 Bg4 8. h3
Bxf3 9. Qxf3 Nd4 10. Qg3 Ne2+ 11. Kh1 Nxg3+ 12. fxg3 O-O 13. Nxf6+ Bxf6 14. Bd5
c6 15. Bc4 Bg5 16. Bxg5 Qxg5 17. g4 {and black won on move 53} 0-1